[Event "ChBLR2012m"]
[Site "?"]
[Date "2012.01.22"]
[Round "11.1"]
[White "Zhuck, Sergei"]
[Black "Teterev, Vitaly"]
[Result "1/2-1/2"]
[WhiteElo "2341"]
[BlackElo "2538"]
[PlyCount "146"]
[EventDate "2012.01.13"]
[SourceDate "2012.01.13"]

1. c4 Nf6 2. Nc3 g6 3. g3 Bg7 4. Bg2 O-O 5. d4 d6 6. Nf3 Nc6 7. d5 Na5 8. b3 c6
9. Bb2 Bd7 10. O-O Rc8 11. Qd2 cxd5 12. cxd5 b5 13. Nd4 Qb6 14. e3 b4 15. Nce2
Nb7 16. Nf4 Nc5 17. Nd3 a5 18. Nxc5 Rxc5 19. e4 Rfc8 20. h3 e5 21. dxe6 fxe6
22. Qe3 e5 23. Nf3 Qb7 24. Rfe1 Rc2 25. Rab1 h6 26. Nd2 Bb5 27. Red1 R2c3 28.
Qe1 Rc2 29. Qe3 R2c3 30. Qe1 Bd3 31. Bxc3 bxc3 32. Nc4 c2 33. Nxd6 cxb1=Q 34.
Nxb7 Qc2 35. Rd2 Qc1 36. Rd1 Qc3 37. Qe3 Ba6 38. Rd8+ Kh7 39. Rxc8 Qxc8 40.
Nxa5 Bf8 41. Qb6 Kg7 42. b4 Nd7 43. Qe6 Bb5 44. Qd5 Ba4 45. b5 Qc7 46. Nc6 Nb6
47. Qxe5+ Qxe5 48. Nxe5 Bxb5 49. Bf1 Ba4 50. f4 Bc5+ 51. Kg2 Bd4 52. Nc4 Nd7
53. Bd3 Nc5 54. Bb1 Bd1 55. Nd6 Be2 56. e5 Nd3 57. a4 Ne1+ 58. Kh2 Nf3+ 59. Kg2
Nd2 60. Be4 Bf1+ 61. Kh2 Nxe4 62. Nxe4 Bb6 63. g4 Bd3 64. Nd6 Bc2 65. Kg3 Bxa4
66. h4 Bc7 67. Ne4 Bc6 68. Nf6 Bd8 69. g5 Be7 70. gxh6+ Kf7 71. h5 gxh5 72.
Nxh5 Kg6 73. Nf6 Bxf6 1/2-1/2

[Event "ChBLR2012m"]
[Site "?"]
[Date "2012.01.22"]
[Round "11.2"]
[White "Kocheev, Alexandr"]
[Black "Zhigalko, Sergei"]
[Result "1/2-1/2"]
[WhiteElo "2353"]
[BlackElo "2658"]
[PlyCount "28"]
[EventDate "2012.01.13"]
[SourceDate "2012.01.13"]

1. e4 c5 2. c3 Nf6 3. e5 Nd5 4. d4 cxd4 5. Nf3 Nc6 6. Bc4 Nb6 7. Bb3 d5 8. exd6
Qxd6 9. O-O Be6 10. Bxe6 Qxe6 11. Nxd4 Nxd4 12. Qxd4 Rd8 13. Qf4 g6 14. Qc7 Qd7
1/2-1/2

[Event "ChBLR2012m"]
[Site "?"]
[Date "2012.01.22"]
[Round "11.3"]
[White "Zhigalko, Andrey"]
[Black "Gorovets, Andrey"]
[Result "1-0"]
[WhiteElo "2576"]
[BlackElo "2428"]
[PlyCount "149"]
[EventDate "2012.01.13"]
[SourceDate "2012.01.13"]

1. d4 f5 2. g3 Nf6 3. Bg2 g6 4. Nf3 Bg7 5. O-O O-O 6. b3 d6 7. Bb2 Qe8 8. c4
Na6 9. Qc2 Rb8 10. Nc3 c6 11. Rad1 Nc7 12. d5 h6 13. Rfe1 cxd5 14. Nxd5 Ncxd5
15. cxd5 Bd7 16. Bd4 Qf7 17. Bxa7 Rfc8 18. Qb1 Ra8 19. Bd4 Ne4 20. Nd2 Bxd4 21.
Nxe4 Bg7 22. Nd2 b5 23. e3 Ra7 24. Nf3 Bc3 25. Re2 b4 26. Nd4 Rc5 27. Qd3 Bc8
28. Ne6 Ba6 29. Nxc5 Bxd3 30. Nxd3 g5 31. Bf3 Ra5 32. Nc1 h5 33. e4 g4 34. Bg2
f4 35. gxf4 Qxf4 36. Nd3 Qf6 37. e5 dxe5 38. Be4 Qf7 39. Ne1 Bxe1 40. Rdxe1 Rc5
41. Bg2 Qf4 42. Rxe5 Rc2 43. R5e2 Rxe2 44. Rxe2 Qc1+ 45. Bf1 Kf7 46. Re5 Qa1
47. Rxh5 Qxa2 48. d6 exd6 49. Bc4+ Kg6 50. Rd5 Qb1+ 51. Kg2 Qe4+ 52. Kg1 Qf4
53. Kg2 Kf6 54. Kg1 Ke7 55. Kg2 Kd7 56. Rd3 Qe4+ 57. Kg1 Kc6 58. Bd5+ Qxd5 59.
Rxd5 Kxd5 60. f3 gxf3 61. h4 Ke4 62. h5 Kf5 63. Kf2 Kg5 64. Kxf3 Kxh5 65. Ke4
Kg5 66. Kd5 Kf5 67. Kxd6 Kf6 68. Kc5 Ke6 69. Kxb4 Kd6 70. Kb5 Kc7 71. Ka6 Kb8
72. Kb6 Kc8 73. b4 Kb8 74. b5 Ka8 75. Kc7 1-0

[Event "ChBLR2012m"]
[Site "?"]
[Date "2012.01.22"]
[Round "11.4"]
[White "Bulanov, Dmitri"]
[Black "Kovalev, Vladislav"]
[Result "0-1"]
[WhiteElo "2387"]
[BlackElo "2453"]
[PlyCount "112"]
[EventDate "2012.01.13"]
[SourceDate "2012.01.13"]

1. f4 d5 2. Nf3 g6 3. g3 Bg7 4. Bg2 Nh6 5. O-O O-O 6. c3 Nc6 7. d3 d4 8. e4
dxe3 9. d4 Nf5 10. Na3 Be6 11. Qe2 h5 12. Nc2 Na5 13. Nxe3 Nxe3 14. Qxe3 Nc4
15. Qf2 Bd5 16. f5 gxf5 17. Ng5 e6 18. Qe2 Qf6 19. Bxd5 exd5 20. Qxh5 Qg6 21.
Qxg6 fxg6 22. Ne6 Rfc8 23. Bf4 c6 24. b3 Na3 25. g4 Bf6 26. gxf5 Nb5 27. fxg6
Re8 28. Rae1 Bh4 29. Bg3 Bxg3 30. hxg3 Nxc3 31. g7 Rxe6 32. Rxe6 Kxg7 33. a4 a5
34. Re7+ Kg6 35. Rxb7 Ne2+ 36. Kg2 Nxd4 37. Rb6 Re8 38. Rd1 Re4 39. Rd2 Kf5 40.
b4 axb4 41. Rxb4 c5 42. Rb1 c4 43. Rf1+ Ke5 44. Ra2 c3 45. Rf4 c2 46. Rxe4+
Kxe4 47. Ra1 Ke3 48. a5 Nb3 49. Rf1 Nxa5 50. g4 Nc6 51. g5 Ne5 52. Re1+ Kd2 53.
Rxe5 c1=Q 54. Rxd5+ Ke3 55. Re5+ Kf4 56. Re2 Kxg5 0-1

[Event "ChBLR2012m"]
[Site "?"]
[Date "2012.01.22"]
[Round "11.5"]
[White "Fedorov, Alexei"]
[Black "Lomako, Pavel"]
[Result "1/2-1/2"]
[WhiteElo "2579"]
[BlackElo "2385"]
[PlyCount "55"]
[EventDate "2012.01.13"]
[SourceDate "2012.01.13"]

1. e4 c6 2. d4 d5 3. e5 c5 4. Nf3 Nc6 5. c4 cxd4 6. Nxd4 e6 7. Nc3 Bb4 8. Nxc6
bxc6 9. Qa4 Bxc3+ 10. bxc3 Qc7 11. f4 Bd7 12. Bd3 Ne7 13. O-O O-O 14. Qc2 h6
15. Qe2 Qa5 16. a4 Rab8 17. cxd5 cxd5 18. Ba3 Rfe8 19. Bb4 Qb6+ 20. Kh1 Nf5 21.
g4 Nh4 22. Rab1 d4 23. c4 Qc6+ 24. Kg1 Qxa4 25. Bc2 Qc6 26. Be4 Qa4 27. Bc2 Qc6
28. Be4 1/2-1/2

[Event "ChBLR2012m"]
[Site "?"]
[Date "2012.01.22"]
[Round "11.6"]
[White "Grib, Roman"]
[Black "Stupak, Kirill"]
[Result "1/2-1/2"]
[WhiteElo "2303"]
[BlackElo "2515"]
[PlyCount "43"]
[EventDate "2012.01.13"]
[SourceDate "2012.01.13"]

1. e4 e6 2. d4 d5 3. exd5 exd5 4. Bd3 c5 5. dxc5 Bxc5 6. Nf3 Nf6 7. O-O O-O 8.
Nc3 h6 9. a3 Bg4 10. h3 Bh5 11. g4 Bg6 12. Bxg6 fxg6 13. Qd3 Qd6 14. Nh4 Nc6
15. Nxg6 Nxg4 16. hxg4 Rf6 17. Nf4 Rxf4 18. Bxf4 Qxf4 19. Qxd5+ Kh8 20. Qxc5
Qxg4+ 21. Kh1 Qh3+ 22. Kg1 1/2-1/2